[Event "AUTO-OPEN-1419"]
[Site "http://www.queenalice.com/game.php?id=529960"]
[Date "2009.1.26"]
[Round "1"]
[White "loizreminton"]
[Black "jotat"]
[Result "0-1"]
[WhiteElo "1118"]
[BlackElo "2127"]

1. e4 c5 2. Bc4 e6 3. Qe2 a6 4. a3 Ne7 5. Nf3 Nec6 6. O-O Be7 7. d3 O-O 8. Bf4
d5 9. exd5 exd5 10. Ba2 Bg4 11. h3 Nd4 12. Qd1 Nxf3+ 13. Kh1 Bd6 14. Bxd6 Qxd6
15. gxf3 Bxh3 16. Rg1 Qe5 17. Nc3 Be6 18. Rg2 d4 19. Ne4 Nd7 20. Qg1 Qh5+ 21.
Rh2 Qxf3+ 22. Rg2 Bh3 23. Ng5 Bxg2+ 24. Qxg2 Qh5+ 25. Nh3 Rae8 26. Rg1 Qh6 27.
Qh2 Re2 28. Bb3 c4 29. dxc4 Nc5 30. Rd1 d3 31. cxd3 Rxb2 32. d4 Nxb3 33. d5 Nd2
34. Nf4 Qxh2+ 35. Kxh2 Nxc4 36. Nd3 Ra2 37. Kg2 Ne3+ 0-1

[Event "AUTO-OPEN-1419"]
[Site "http://www.queenalice.com/game.php?id=529961"]
[Date "2009.1.26"]
[Round "1"]
[White "jotat"]
[Black "loizreminton"]
[Result "1-0"]
[WhiteElo "1992"]
[BlackElo "1137"]

1. d4 d5 2. Nc3 Nf6 3. Bg5 e6 4. e4 h6 5. Bxf6 Qxf6 6. exd5 Bb4 7. Bc4 exd5 8.
Bxd5 Qe7+ 9. Ne2 Bxc3+ 10. bxc3 O-O 11. O-O c6 12. Bc4 Qg5 13. f4 Qe7 14. Qd3 b5
15. Bb3 Be6 16. Ng3 Nd7 17. Rae1 Qf6 18. Bxe6 fxe6 19. Qe4 c5 20. f5 exf5 21.
Nxf5 cxd4 22. Ne7+ Kh8 23. Ng6+ Kg8 24. Qd5+ Qf7 25. Rxf7 Rxf7 26. Re7 1-0

[Event "AUTO-OPEN-1419"]
[Site "http://www.queenalice.com/game.php?id=529962"]
[Date "2009.1.26"]
[Round "1"]
[White "loizreminton"]
[Black "Attia"]
[Result "1-0"]
[WhiteElo "1137"]
[BlackElo "1597"]

1. e4 e5 2. Nf3 Nc6 3. Bc4 h6 4. c3 Nf6 5. d4 exd4 6. Nxd4 Bc5 7. Nxc6 bxc6 8.
e5 Qe7 9. O-O Ne4 10. Qe2 Qxe5 11. Re1 d5 12. Bb3 Qf5 13. Be3 Bxe3 14. Qxe3 O-O
15. Nd2 Re8 16. Nxe4 Rxe4 17. Qd2 Qg6 18. Rxe4 dxe4 19. Qd8+ Kh7 20. Re1 Qg5 21.
Qxc7 Bh3 22. g3 Qf5 23. Qxf7 Qf3 24. Qxf3 exf3 25. Re3 Bg4 26. Bc2+ Kg8 27. Kf1
h5 28. Ke1 Rb8 29. b4 Kf8 30. Be4 Re8 31. Kd2 Re5 32. Bxc6 Rxe3 33. Kxe3 Ke7 34.
Bxf3 Bxf3 35. Kxf3 1-0

[Event "AUTO-OPEN-1419"]
[Site "http://www.queenalice.com/game.php?id=529963"]
[Date "2009.1.26"]
[Round "1"]
[White "Attia"]
[Black "loizreminton"]
[Result "0-1"]
[WhiteElo "1627"]
[BlackElo "1137"]

1. e4 e5 2. Nf3 Nc6 3. Nc3 Nf6 4. Bb5 d6 5. d3 a6 6. Bxc6+ bxc6 7. O-O c5 8. Bg5
h6 9. Bh4 Be7 10. Nd5 Nxd5 11. Bxe7 Nxe7 12. c3 O-O 13. d4 cxd4 14. cxd4 exd4
15. Qxd4 Nc6 16. Qd5 Bb7 17. Nd4 Qe8 18. Rac1 Nxd4 19. Qxd4 Qxe4 20. Qxe4 Bxe4
21. Rxc7 d5 22. Rd1 Rfd8 23. Rc5 d4 24. Rc4 f5 25. f3 Bb7 26. Rcxd4 Rxd4 27.
Rxd4 Rc8 28. b4 Rc2 29. a4 Rb2 30. a5 Bc6 31. Rd6 Bb5 32. Rd4 Kf7 33. Rf4 Kf6
34. g4 Bd3 35. Rd4 Rd2 36. gxf5 Ke5 37. Rd7 Rd1+ 38. Kg2 Bf1+ 39. Kg3 Rxd7 0-1

[Event "AUTO-OPEN-1419"]
[Site "http://www.queenalice.com/game.php?id=529964"]
[Date "2009.1.26"]
[Round "1"]
[White "loizreminton"]
[Black "Gera10"]
[Result "1-0"]
[WhiteElo "1289"]
[BlackElo "1495"]

1. e4 e5 2. Nf3 Nc6 3. Nc3 Bc5 4. Bc4 d6 5. d3 Bg4 6. Nd5 Nf6 7. h3 Bxf3 8. Qxf3
Nd4 9. Qd1 c6 10. Nxf6+ Qxf6 11. O-O Qh4 12. Be3 O-O 13. Bxd4 Bxd4 14. c3 Bc5
15. b4 Bxf2+ 16. Rxf2 Rad8 17. Qf3 Kh8 18. Raf1 f6 19. a4 a6 20. b5 axb5 21.
axb5 c5 22. b6 Ra8 23. Bd5 Ra6 24. Rb2 Rfa8 25. Bxb7 Rxb6 26. Rxb6 Ra3 27. Bd5
g6 28. Kh2 g5 29. Rb3 g4 30. Qxg4 Qxg4 31. hxg4 Rxb3 32. Bxb3 Kg7 33. c4 Kg6 34.
Kh3 Kg5 35. g3 h5 36. gxh5 Kxh5 37. Rxf6 Kg5 38. Rxd6 Kh5 39. Rd5 Kg5 40. Rxe5+
Kf6 41. Rxc5 Kg6 42. Rf5 Kh6 43. c5 Kg6 44. c6 Kh6 45. c7 Kg6 46. c8=Q Kh6 47.
Qh8+ Kg6 48. Qf6+ Kh7 49. Qh4+ Kg6 50. Qh5+ Kg7 51. Qf7+ Kh6 52. Rh5# 1-0

[Event "AUTO-OPEN-1419"]
[Site "http://www.queenalice.com/game.php?id=529965"]
[Date "2009.1.26"]
[Round "1"]
[White "Gera10"]
[Black "loizreminton"]
[Result "0-1"]
[WhiteElo "1509"]
[BlackElo "1377"]

1. e4 e5 2. Nf3 Nc6 3. Nc3 Bc5 4. Bb5 f6 5. Nh4 Nd4 6. Bc4 d6 7. O-O Ne7 8. Qh5+
g6 9. Qh6 Ne6 10. Nd5 Kd7 11. Nxf6+ Kc6 12. Bd5+ Kb6 13. a4 a5 14. d3 c6 15.
Bxe6 Bxe6 16. Be3 Bxe3 17. Qxe3+ Kc7 18. c4 Qf8 19. Qf3 g5 20. Nf5 Nxf5 21. exf5
Qxf6 22. g4 Bd7 23. Rfb1 h5 24. gxh5 Qxf5 25. Qxf5 Bxf5 26. Re1 Rxh5 27. f3 Bxd3
28. b3 c5 29. Re3 Bf5 30. Kg2 Rg8 31. Kf2 g4 32. Rae1 gxf3 33. Rxf3 Rxh2+ 34.
Ke3 Bg4 35. Rf7+ Kc6 36. Rg1 Bh5 37. Rxg8 Bxf7 38. Rc8+ Kd7 39. Ra8 b6 40. Ra7+
Ke6 41. Rb7 Rh3+ 42. Kf2 Rxb3 43. Ke2 Kf6 44. Rd7 Bxc4+ 45. Kd2 Ke6 46. Rd8 Ra3
47. Kc2 Rxa4 48. Kc3 Kd5 49. Rb8 Rb4 50. Kc2 Kd4 51. Rd8 d5 52. Rg8 b5 53. Rg4+
e4 54. Rg1 Bd3+ 55. Kd2 Rb2+ 56. Ke1 Rb1+ 57. Kf2 Rxg1 58. Kxg1 c4 59. Kf2 Kc3
60. Ke1 Kc2 61. Kf2 a4 62. Ke1 b4 63. Kf2 a3 64. Ke1 a2 65. Kf2 a1=Q 66. Kg2 b3
67. Kf2 Qf1+ 68. Kg3 b2 69. Kg4 b1=Q 70. Kh4 Qbe1+ 71. Kh5 Qg3 72. Kh6 Qfh3# 0-1

[Event "AUTO-BEG-286"]
[Site "http://www.queenalice.com/game.php?id=530594"]
[Date "2009.1.28"]
[Round "1"]
[White "Galaad"]
[Black "loizreminton"]
[Result "1-0"]
[WhiteElo "1258"]
[BlackElo "1137"]

1. e4 e5 2. Nf3 Nc6 3. Bc4 Nf6 4. d3 Na5 5. Nxe5 Nxc4 6. Nxc4 d5 7. Ne3 dxe4 8.
dxe4 Qxd1+ 9. Nxd1 Nxe4 10. O-O Be6 11. Re1 O-O-O 12. Nbc3 Bb4 13. Rxe4 Bxc3 14.
Nxc3 Bf5 15. Re2 Rhe8 16. Be3 Bg4 17. f3 Bf5 18. Kf2 g6 19. g4 Be6 20. Bg5 Rd7
21. Ne4 Bc4 22. Nd6+ cxd6 23. Rxe8+ Kc7 24. b3 Be6 25. Rh8 f5 26. h3 fxg4 27.
hxg4 Rf7 28. Kg3 Bd5 29. f4 Be4 30. c4 d5 31. cxd5 Bxd5 32. Rc1+ Bc6 33. a4 a6
34. b4 b5 35. axb5 axb5 36. Re1 Kd7 37. Rd8+ Kc7 38. Re7+ Rxe7 39. Bxe7 h5 40.
g5 Be4 41. Rf8 Kd7 42. Bc5 Ke6 43. Rf6+ Kd5 44. Rd6+ Kc4 45. Rd4+ 1-0

[Event "AUTO-BEG-286"]
[Site "http://www.queenalice.com/game.php?id=530595"]
[Date "2009.1.28"]
[Round "1"]
[White "loizreminton"]
[Black "Galaad"]
[Result "1-0"]
[WhiteElo "1118"]
[BlackElo "1282"]

1. e4 e6 2. d4 d5 3. e5 Nc6 4. c3 f6 5. f4 fxe5 6. fxe5 Qh4+ 7. g3 Qe4+ 8. Qe2
Qxh1 9. Nf3 Nh6 10. Bxh6 gxh6 11. Nbd2 Be7 12. O-O-O Bg5 13. Bg2 Qxd1+ 14. Qxd1
Bxd2+ 15. Qxd2 Bd7 16. Qxh6 O-O-O 17. Ng5 Rdf8 18. Nxe6 Rf2 19. Qg7 Re8 20. Bxd5
Bxe6 21. Bxe6+ Rxe6 22. Qg8+ Kd7 23. Qxh7+ Ne7 24. Qh5 Rb6 25. Qg4+ Kd8 26. b4
Rxh2 27. Qf3 Rxa2 28. g4 Ra3 29. d5 Kd7 30. e6+ Kd6 31. g5 c6 32. Kb2 Rba6 33.
g6 Ra2+ 34. Kb3 R6a3+ 35. Kc4 b5+ 36. Kd4 cxd5 37. Qf4+ Kxe6 38. Qf7+ Kd7 39. g7
Kd6 40. g8=Q Nxg8 41. Qxd5+ Ke7 42. Qxg8 Ra6 43. Qg5+ Ke6 44. Qe5+ Kf7 45. Qxb5
Rd6+ 46. Kc5 Raa6 47. Qb7+ Ke6 48. Qe4+ Kd7 49. Qh7+ Ke6 50. Qg8+ Kd7 51. Qf7+
Kc8 52. b5 Rab6 53. Qf8+ Kb7 54. Qxd6 1-0

[Event "AUTO-BEG-289"]
[Site "http://www.queenalice.com/game.php?id=534185"]
[Date "2009.2.3"]
[Round "1"]
[White "loizreminton"]
[Black "MF_Fine"]
[Result "0-1"]
[WhiteElo "1381"]
[BlackElo "1691"]

1. e4 e5 2. Nf3 Nc6 3. Nc3 Bc5 4. Bb5 Nf6 5. d3 d6 6. Bxc6+ bxc6 7. Be3 Bb6 8.
O-O Bg4 9. h3 Bh5 10. g4 Nxg4 11. hxg4 Bxg4 12. Bg5 Bxf3 13. Bxd8 Bxd1 14. Bxc7
Bxc2 15. Bxd6 Bd4 16. Ba3 Bxd3 17. Rfe1 h5 18. Rad1 Bc4 19. Ne2 Bxe2 20. Rxe2 c5
21. b4 c4 22. Bb2 c3 23. Ba1 O-O 24. Rc1 Rfc8 25. Rec2 Rc4 26. Bxc3 Rac8 27. Re2
Rxc3 28. Rxc3 Rxc3 29. Kg2 g5 30. f3 Kg7 31. Rb2 Rxf3 32. Re2 Rc3 0-1

[Event "AUTO-BEG-289"]
[Site "http://www.queenalice.com/game.php?id=534198"]
[Date "2009.2.3"]
[Round "1"]
[White "maicon"]
[Black "loizreminton"]
[Result "0-1"]
[WhiteElo "1205"]
[BlackElo "1275"]

1. e4 e5 2. d3 Nc6 3. Nf3 Bb4+ 4. c3 Bc5 5. d4 exd4 6. Nxd4 Nxd4 7. cxd4 Bb4+ 8.
Nd2 Qe7 9. a3 Bxd2+ 10. Bxd2 Qxe4+ 11. Be2 Nf6 12. f3 Qxd4 0-1

[Event "AUTO-BEG-289"]
[Site "http://www.queenalice.com/game.php?id=534199"]
[Date "2009.2.3"]
[Round "1"]
[White "loizreminton"]
[Black "maicon"]
[Result "1-0"]
[WhiteElo "1260"]
[BlackElo "1205"]

1. e4 e5 2. Nf3 Qf6 3. g3 Nc6 4. Bg2 b6 5. O-O Nd4 6. Nxd4 exd4 7. d3 Ba6 8. Qf3
Rd8 9. Qxf6 Rb8 10. Qe5+ Ne7 11. Qxd4 Nc6 12. Qa4 1-0

[Event "AUTO-BEG-289"]
[Site "http://www.queenalice.com/game.php?id=534206"]
[Date "2009.2.3"]
[Round "1"]
[White "Gera10"]
[Black "loizreminton"]
[Result "0-1"]
[WhiteElo "1365"]
[BlackElo "1236"]

1. e4 e5 2. Nf3 Nc6 3. Bc4 Nf6 4. a3 Nxe4 5. d3 Nf6 6. Bg5 Bc5 7. b4 Bb6 8. Nc3
O-O 9. Bd5 Nd4 10. Nxe5 d6 11. Bxf6 Qxf6 12. Bxf7+ Rxf7 13. Nxf7 Qe7+ 14. Ne2
Nxe2 15. Qd2 Ng3+ 16. Kd1 Nxh1 17. Ng5 Nxf2+ 18. Kc1 Be3 19. Qxe3 Qxe3+ 20. Kb2
Qxg5 21. Re1 Bf5 22. Rf1 Qd2 23. Rc1 Bxd3 24. h4 Nd1+ 25. Kb1 Nc3+ 26. Kb2 Na4+
27. Kb1 Bxc2+ 28. Rxc2 Qd1+ 29. Rc1 Qb3+ 30. Ka1 Qb2# 0-1

[Event "AUTO-BEG-289"]
[Site "http://www.queenalice.com/game.php?id=534207"]
[Date "2009.2.3"]
[Round "1"]
[White "loizreminton"]
[Black "Gera10"]
[Result "1-0"]
[WhiteElo "1355"]
[BlackElo "1597"]

1. e4 e5 2. Nf3 Nc6 3. Nc3 d6 4. Bc4 Bg4 5. h3 Bxf3 6. Qxf3 f6 7. a3 Nd4 8. Qd1
Qd7 9. d3 h6 10. Be3 a6 11. Bxd4 exd4 12. Ne2 O-O-O 13. Nf4 Kb8 14. Ne6 Re8 15.
Nxd4 Ne7 16. Bf7 Rd8 17. Ne6 Rc8 18. Nxf8 Rcxf8 19. Ba2 h5 20. f4 f5 21. Qe2
fxe4 22. Qxe4 Rf5 23. Be6 Qb5 24. Bxf5 Nxf5 25. O-O-O Ng3 26. Qg6 Ne2+ 27. Kd2
Nd4 28. Rb1 Qc5 29. c3 Nb3+ 30. Kc2 Qb6 31. Qxg7 Re8 32. d4 Re2+ 33. Kd3 Qb5+
34. c4 Rd2+ 35. Kc3 Qa5+ 36. Kxb3 Rd3+ 37. Ka2 Qa4 38. Qg8+ Ka7 39. Rhc1 Qb3+
40. Ka1 Qa4 41. c5 d5 42. Qxd5 c6 43. Qc4 Qxc4 44. Rxc4 b5 45. Rc3 Rxd4 46. Rf1
Rd8 47. b4 Re8 48. Rff3 Re1+ 49. Kb2 Re2+ 50. Rc2 Re8 51. g4 Rh8 52. g5 Rg8 53.
h4 Re8 54. f5 Kb7 55. f6 a5 56. f7 Rf8 57. Re2 Ka6 58. Re8 Rxf7 59. Rxf7 axb4
60. Ra8# 1-0

[Event "Challenge"]
[Site "http://www.queenalice.com/game.php?id=573869"]
[Date "2009.4.18"]
[Round "-"]
[White "pablonet"]
[Black "loizreminton"]
[Result "1/2-1/2"]
[WhiteElo "1686"]
[BlackElo "1341"]

1. e4 e5 2. Nf3 d6 3. Bc4 g6 4. d3 Be7 5. Nc3 Bg4 6. h3 Bxf3 7. Qxf3 Nf6 8. Nd5
Nxd5 9. Bxd5 O-O 10. Bh6 Nd7 11. Bxf8 Qxf8 12. Bxb7 Rb8 13. Bc6 Nf6 14. O-O Rxb2
15. c3 Nh5 16. d4 f6 17. Bd5+ Kg7 18. g4 Nf4 19. h4 Nxd5 20. exd5 Rb8 21. dxe5
fxe5 22. Qe3 Bxh4 23. Qxa7 Rc8 24. Rab1 Qf4 25. Rb8 Qxg4+ 26. Kh2 Qf4+ 27. Kg1
Qg4+ 28. Kh2 Qf4+ 29. Kg1 Qg4+ 1/2-1/2

[Event "AUTO-INT-1349"]
[Site "http://www.queenalice.com/game.php?id=605767"]
[Date "2009.6.18"]
[Round "1"]
[White "Brunao"]
[Black "loizreminton"]
[Result "1-0"]
[WhiteElo "1455"]
[BlackElo "1362"]

1. d4 d5 2. c3 Nf6 3. f3 g6 4. Bg5 Bg7 5. g4 O-O 6. Bxf6 Bxf6 7. h4 e6 8. g5 Bg7
9. e3 Nc6 10. Qb3 Na5 11. Qb5 b6 12. b4 Bd7 13. Qd3 Nc4 14. a4 a5 15. b5 f6 16.
f4 fxg5 17. hxg5 c6 18. Na3 cxb5 19. axb5 Nxa3 20. Rxa3 Qe7 21. c4 dxc4 22. Qxc4
Rac8 23. Qd3 Qb4+ 24. Kf2 Qb2+ 25. Be2 1-0

[Event "AUTO-INT-1349"]
[Site "http://www.queenalice.com/game.php?id=605768"]
[Date "2009.6.18"]
[Round "1"]
[White "loizreminton"]
[Black "Brunao"]
[Result "0-1"]
[WhiteElo "1375"]
[BlackElo "1442"]

1. e4 e5 2. Nf3 d6 3. Nc3 c6 4. Bc4 Be6 5. Bxe6 fxe6 6. d3 Qf6 7. Bg5 Qg6 8. O-O
h6 9. Bh4 Be7 10. Bxe7 Nxe7 11. Ne2 O-O 12. Nh4 Qf7 13. b3 g5 14. Nf3 g4 15. Nh4
h5 16. g3 a5 17. a4 Na6 18. Nc3 Ng6 19. Nxg6 Qxg6 20. Qd2 Nb4 21. Nd1 d5 22.
exd5 exd5 23. c3 Qxd3 24. Qg5+ Kf7 0-1

[Event "AUTO-INT-1349"]
[Site "http://www.queenalice.com/game.php?id=605779"]
[Date "2009.6.18"]
[Round "1"]
[White "jck2"]
[Black "loizreminton"]
[Result "1-0"]
[WhiteElo "1796"]
[BlackElo "1398"]

1. d4 d5 2. Nf3 Nf6 3. e3 Nc6 4. c4 e6 5. Nc3 Bb4 6. a3 Bxc3+ 7. bxc3 dxc4 8.
Bxc4 O-O 9. O-O Ne4 10. Qc2 Nd6 11. Bd3 g6 12. Bb2 f5 13. c4 b6 14. d5 exd5 15.
Qc3 Ne4 16. Qg7# 1-0

[Event "AUTO-INT-1349"]
[Site "http://www.queenalice.com/game.php?id=605780"]
[Date "2009.6.18"]
[Round "1"]
[White "loizreminton"]
[Black "jck2"]
[Result "0-1"]
[WhiteElo "1377"]
[BlackElo "2058"]

1. e4 c6 2. Nf3 d5 3. exd5 cxd5 4. d4 Nc6 5. Bb5 a6 6. Bxc6+ bxc6 7. O-O Nf6 8.
Bg5 e6 9. Ne5 Bd6 10. Bxf6 gxf6 11. Nf3 e5 12. dxe5 fxe5 13. b3 Bg4 14. h3 Bh5
15. Nbd2 e4 16. g4 exf3 17. gxh5 Rg8+ 18. Kh1 Qf6 19. Qxf3 Be5 20. Rae1 O-O-O
21. a4 Rde8 22. Qxf6 Bxf6 23. Nf3 Rxe1 24. Rxe1 Kd7 25. Rg1 Re8 26. Re1 Rg8 27.
Rg1 Rb8 28. h4 h6 29. Kg2 Rb4 30. Kh3 Rf4 31. Kg3 Re4 32. Re1 Bxh4+ 33. Kg2 Rxe1
34. Nxe1 Ke6 35. Nf3 Bf6 36. Kg3 Kf5 37. Nh2 Be5+ 38. Kg2 Bxh2 39. Kxh2 Kg5 40.
Kg3 Kxh5 41. f4 f5 42. Kh3 c5 43. Kg3 d4 44. a5 Kg6 45. Kh4 Kg7 0-1

[Event "AUTO-INT-1349"]
[Site "http://www.queenalice.com/game.php?id=605785"]
[Date "2009.6.18"]
[Round "1"]
[White "Ninho"]
[Black "loizreminton"]
[Result "1-0"]
[WhiteElo "1459"]
[BlackElo "1396"]

1. e4 e5 2. Nf3 Nc6 3. Be2 Nf6 4. d3 Bc5 5. O-O d6 6. Bg5 O-O 7. Nc3 h6 8. Bh4
Bg4 9. Nd5 Bxf3 10. Nxf6+ gxf6 11. Bxf3 Nd4 12. Bh5 Kh7 13. c3 Ne6 14. Qg4 Rg8
15. Qf5+ Kg7 16. Rad1 Nf4 17. d4 Nxh5 18. Qxh5 Kh7 19. dxc5 Rg6 20. f4 Qh8 21.
fxe5 dxe5 22. Rd7 Qg8 23. Qf5 Rc8 24. Bxf6 b6 25. Bxe5 bxc5 26. Rxf7+ Qg7 27.
Rxg7+ Kh8 28. Qxc8# 1-0

[Event "AUTO-INT-1349"]
[Site "http://www.queenalice.com/game.php?id=605786"]
[Date "2009.6.18"]
[Round "1"]
[White "loizreminton"]
[Black "Ninho"]
[Result "0-1"]
[WhiteElo "1383"]
[BlackElo "1643"]

1. e4 Nc6 2. Nf3 e5 3. Bc4 Bc5 4. O-O Nf6 5. Nc3 O-O 6. d3 d6 7. Bg5 Be6 8. Bxe6
fxe6 9. Bxf6 Qxf6 10. a3 Nd4 11. Nxd4 Bxd4 12. Qd2 c6 13. Rab1 b5 14. Nd1 a5 15.
c3 Bb6 16. g3 Ra7 17. Ne3 Raf7 18. Rbe1 d5 19. b4 a4 20. Re2 Qg6 21. Kg2 dxe4
22. dxe4 Qxe4+ 23. Kg1 Rd8 24. Qc2 Rd3 25. Ng2 Qc4 26. Rc1 g6 27. Ne1 Rd8 28. h4
Rdf8 29. Nd3 Bc7 30. Nb2 Qg4 31. Kg2 Bd8 32. Rh1 Rf5 33. Nd3 e4 34. Nf4 Rxf4 35.
Qa2 Kg7 36. Qa1 Bf6 37. Rh3 Qf3+ 38. Kf1 Rf5 39. Qe1 Qd3 40. Qd2 Qxd2 41. Rxd2
e3 42. Rc2 exf2 43. Rh2 Rf3 44. g4 Bxc3 45. h5 g5 46. Rg2 e5 0-1